000 00650nam a2200193Ii 4500
003 JO-AjNU
008 230605s9999||||xx |||||||||||||| ||und||
040 _aJO-AjNU
_bara
_erda
_cJO-AjNU
041 _aara
050 1 4 _aPS3568 1985
100 3 _aبلايتون ، انيد ؛ ترجمة هاني الصالح ,
_eauthor
_935318
245 0 0 _aلغز الزورق الاخضر رواية للفتيات
264 3 1 _aسوريا :منشورات وزارة الثقافة ،1985
300 _a221ص
336 _atext
_btxt
_2rdacontent
337 _aunmediated
_bn
_2rdamedia
338 _avolume
_bnc
_2rdacarrier
650 4 _aروايات
_935319
999 _aA14569
_c18137
_d18137